Top Cellphone Exporting Countries - Statistics

General Stats
  • This quiz has been taken 56 times
  • The average score is 9 of 14
Answer Stats
US$ Billion Answer % Correct
153.6 China
100%
9.6 United States
98%
3 India
94%
4.1 South Korea
87%
1.2 United Kingdom
85%
6 Germany
80%
35.3 Vietnam
74%
1.5 Italy
63%
2.4 Sweden
61%
3.97 Singapore
52%
2.5 Netherlands
41%
3.4 Austria
30%
6.5 Czech Republic
22%
3.61 Slovakia
9%
No matching quizzes found
Score Distribution
Percent of People with Each Score
Percentile by Number Answered
Your Score History
You have not taken this quiz